[Event "POL-chT 2nd League"]
[Site "Ustron"]
[Date "2008.09.14"]
[Round "8.86"]
[White "Pietal, Leszek"]
[Black "Flak, Pawel"]
[Result "0-1"]
[WhiteElo "1961"]
[BlackElo "2120"]
[PlyCount "116"]
[EventDate "2008.09.06"]
[EventType "team-swiss"]
[EventRounds "9"]
[EventCountry "POL"]
[SourceTitle "EXT 2015"]
[Source "ChessBase"]
[SourceDate "2014.11.20"]
[SourceVersion "1"]
[SourceVersionDate "2014.11.20"]
[SourceQuality "1"]
[WhiteTeam "Kosienice LKS"]
[BlackTeam "Gostynin Gostmat 83"]
[WhiteTeamCountry "POL"]
[BlackTeamCountry "POL"]

1. d4 b6 2. c4 Bb7 3. Nf3 e6 4. g3 d6 5. Bg2 Nd7 6. 0-0 e5 7. dxe5 dxe5 8. Nc3 Bd6 9. Qa4 Ne7 10. Nh4 Bxg2 11. Nxg2 0-0 12. Bg5 f6 13. Be3 Nf5 14. Rfd1 Rf7 15. Rd2 Nxe3 16. Nxe3 Nc5 17. Qc2 Qe8 18. Rad1 Ne6 19. Nf5 Bf8 20. e3 Ng5 21. Kg2 g6 22. Nh4 Qe6 23. f4 Qg4 24. Rf1 Qh3+ 25. Kg1 exf4 26. exf4 Bc5+ 27. Rdf2 Bxf2+ 28. Qxf2 Raf8 29. Nf3 Nxf3+ 30. Qxf3 Qe6 31. b3 Re8 32. Rf2 Qe1+ 33. Rf1 Qe3+ 34. Qxe3 Rxe3 35. Nd5 Re2 36. Rf2 Rxf2 37. Kxf2 c6 38. Nc3 Re7 39. Nd1 b5 40. Ne3 Kf7 41. cxb5 cxb5 42. Ke2 Re6 43. Kd3 Ra6 44. Nd5 Rxa2 45. Nc3 Rxh2 46. Nxb5 Rg2 47. Nxa7 Rxg3+ 48. Kc4 Rf3 49. b4 Rxf4+ 50. Kc5 Rf5+ 51. Kc6 h5 52. b5 Re5 53. b6 Re6+ 54. Kc7 Re7+ 55. Kc8 h4 56. Nc6 h3 57. Nxe7 h2 58. b7 h1Q 0-1

[Event "POL-chT 2nd League"]
[Site "Ustron"]
[Date "2008.09.12"]
[Round "6.93"]
[White "Polok, Kacper"]
[Black "Pietal, Leszek"]
[Result "1-0"]
[WhiteElo "1903"]
[BlackElo "1961"]
[PlyCount "97"]
[EventDate "2008.09.06"]
[EventType "team-swiss"]
[EventRounds "9"]
[EventCountry "POL"]
[SourceTitle "EXT 2015"]
[Source "ChessBase"]
[SourceDate "2014.11.20"]
[SourceVersion "1"]
[SourceVersionDate "2014.11.20"]
[SourceQuality "1"]
[WhiteTeam "Katowice Hetman Szopienice II"]
[BlackTeam "Kosienice LKS"]
[WhiteTeamCountry "POL"]
[BlackTeamCountry "POL"]

1. e4 c5 2. Nc3 Nc6 3. Bb5 a6 4. Bxc6 dxc6 5. d3 e5 6. Nf3 Qc7 7. 0-0 f6 8. Be3 b6 9. Nd2 Be6 10. f4 exf4 11. Bxf4 Bd6 12. Bxd6 Qxd6 13. Nf3 Ne7 14. Nh4 0-0 15. Qe2 c4 16. Rad1 cxd3 17. cxd3 c5 18. Kh1 Nc6 19. Qe3 Nd4 20. b3 Rad8 21. Rd2 Rd7 22. Ne2 Rfd8 23. Nf3 Nxe2 24. Qxe2 Bg4 25. Qe3 Bxf3 26. gxf3 Qd4 27. Qxd4 Rxd4 28. Rfd1 g5 29. Kg2 Kf7 30. Kf2 Ke6 31. Ke3 Ke5 32. h4 h6 33. hxg5 hxg5 34. Rh1 b5 35. Rh7 c4 36. bxc4 bxc4 37. Re7+ Kd6 38. Kxd4 Kxe7+ 39. Kxc4 Kd6 40. d4 Rb8 41. Rc2 Rb1 42. Rc3 Rb8 43. Rb3 Rc8+ 44. Kd3 Ke7 45. Rb7+ Ke8 46. Rb6 f5 47. Rg6 fxe4+ 48. fxe4 Rb8 49. Rg8+ 1-0

[Event "POL-chT 2nd League"]
[Site "Ustron"]
[Date "2008.09.10"]
[Round "4.93"]
[White "Rys, Sebastian"]
[Black "Pietal, Leszek"]
[Result "1/2-1/2"]
[WhiteElo "1973"]
[BlackElo "1961"]
[PlyCount "153"]
[EventDate "2008.09.06"]
[EventType "team-swiss"]
[EventRounds "9"]
[EventCountry "POL"]
[SourceTitle "EXT 2015"]
[Source "ChessBase"]
[SourceDate "2014.11.20"]
[SourceVersion "1"]
[SourceVersionDate "2014.11.20"]
[SourceQuality "1"]
[WhiteTeam "Poznan Komandoria"]
[BlackTeam "Kosienice LKS"]
[WhiteTeamCountry "POL"]
[BlackTeamCountry "POL"]

1. e4 c5 2. c3 d5 3. exd5 Qxd5 4. Nf3 Nf6 5. d4 Bg4 6. Be2 e6 7. 0-0 Nc6 8. Be3 cxd4 9. Nxd4 Nxd4 10. Bxg4 Nxg4 11. Qxg4 Nf5 12. Qa4+ b5 13. Qg4 Nxe3 14. fxe3 Bc5 15. Qe2 0-0 16. Kh1 Rad8 17. Qxb5 Bxe3 18. Qxd5 Rxd5 19. Na3 Rfd8 20. Nc4 Bg5 21. g3 Rc8 22. Na3 Rd2 23. Rab1 a6 24. Rfd1 Rcd8 25. Rxd2 Rxd2 26. Nc4 Rc2 27. Rd1 Rc1 28. Rxc1 Bxc1 29. Kg2 f5 30. Kf3 Kf7 31. a4 Ke7 32. b4 Kd7 33. b5 axb5 34. axb5 Bg5 35. Ne5+ Kc7 36. c4 Bf6 37. Nd3 e5 38. Nb4 Bg5 39. Nd5+ Kd6 40. h4 e4+ 41. Ke2 Bd8 42. Ke3 Kc5 43. Kf4 g6 44. g4 Kxc4 45. Ne3+ Kd4 46. gxf5 Bc7+ 47. Kg4 Kxe3 48. f6 Kd3 49. f7 Bd6 50. b6 e3 51. b7 e2 52. b8Q Bxb8 53. f8Q e1Q 54. Qxb8 Qe4+ 55. Kg3 Qe3+ 56. Kg2 Qe2+ 57. Kg3 Qe1+ 58. Kh3 Qe6+ 59. Kg3 Ke4 60. Qf4+ Kd5 61. Qd2+ Ke5 62. Qf4+ Kd5 63. Qd2+ Kc6 64. Qh6 Qe7 65. Qc1+ Kd7 66. Qh6 Ke8 67. h5 g5 68. Qb6 Kf7 69. Qf2+ Kg7 70. Qd4+ Kh6 71. Qg4 Qe1+ 72. Kg2 Qd2+ 73. Kg3 Qe3+ 74. Kg2 Qe8 75. Qf3 Qxh5 76. Qf8+ Kg6 77. Qe8+ 1/2-1/2